000 00496nam a22001337a 4500
999 _c524442
_d524442
008 231117b ||||| |||| 00| 0 eng d
100 _aJayasankaran, Nambiar A.K.
_946118
245 _aClose encounters of the quadruped kind: Towards a duty based approach to human-animal conflict resolution in India
260 _aJournal of the Indian Law Institute
300 _a64(4), Oct-Dec, 2022: p.429-440
773 _aJournal of the Indian Law Institute
906 _aENVIRONMENT
942 _cAR